[Event "RUS-ch Blitz Women 2018"]
[Site "Sochi"]
[Date "2018.10.07"]
[Round "9"]
[White "Shuvalova, Polina"]
[Black "Voit, Daria"]
[Result "0-1"]
[WhiteElo "2421"]
[BlackElo "2352"]
[Annotator "TA"]
[PlyCount "114"]
[EventDate "2018.10.07"]
[EventType "swiss"]
[EventCountry "RUS"]
[SourceTitle "playchess.com"]
[Source "ChessBase"]
[SourceQuality "1"]

{[%evp 20,114,47,18,57,57,50,52,76,40,44,41,54,39,55,62,133,133,237,222,373,374,348,350,329,251,245,260,301,309,309,268,277,296,272,233,242,241,243,97,110,107,86,0,150,145,373,377,316,0,729,-400,983,-182,-133,-446,-424,-29991,-29992,-29994,-29995,-29995,-29984,-507,-279,-264,-254,-290,-279,-286,-295,-292,-282,-338,-328,-418,-417,-407,-387,-1093,-750,-835,-483,-661,-516,-1418,-1190,-1074,-941,-1095,-1060,-3236,-2268,-29970,-11733,-29974,-29975]} 1. e4 c5 2. Nf3 d6 3. Bb5+ Nc6 4. O-O Bd7 5. Re1 a6 6. Bf1 Nf6 7. h3 g6 8. c3 Bg7 9. d4 cxd4 10. cxd4 O-O 11. Nc3 e6 {B31: Sicilian: 2...Nc6 3 Bb5 g6} (11... b5 12. a3 e5 13. dxe5 dxe5 14. Be3 Be6 15. Qc2 Qc8 16. Rac1 Bd7 17. Red1 Re8 18. Bg5 Ra7 19. Rd6 {1-0 (42) Bogdan,D (2365)-Murariu,A (2533) Arad 2013}) 12. Bg5 $146 {Strongly threatening e5.} ({Predecessor:} 12. Bf4 d5 13. exd5 exd5 14. Bg5 Be6 15. a3 Qb6 16. Qd2 Rad8 17. Na4 Qc7 18. Nc5 Rfe8 19. Bf4 {0-1 (57) Centrih,A (1687)-Strazisnik,E (1747) Ptuj 2017}) 12... h6 13. Be3 b5 {White is slightly better.} 14. a3 Rc8 15. Qd2 Na5 16. Rad1 Kh7 17. e5 Ne8 ({Black should play} 17... Nd5 $14) 18. d5 $1 $16 exd5 (18... Nb7 $16) 19. Nxd5 $18 Nb3 $2 (19... Nc4 20. Bxc4 Rxc4) 20. Qb4 $1 {[%csl LRb3,LRd6] And now Bb6 would win.} Nc5 21. exd6 a5 22. Qd2 ({Inferior is} 22. Bxc5 axb4 23. Bb6 bxa3 $1 $11 {[%mdl 512]}) 22... Ne4 23. Qd3 Bf5 24. Bb6 $1 {[%cal Rb6d8]} (24. Qxb5 N8xd6 25. Qb3 Nc5 $16) 24... Qxd6 {Threatens to win with ...Nc3.} 25. Rxe4 Nf6 26. Nxf6+ (26. Bxa5 Nxe4 27. Qe2 (27. Bb4 Qe6 $16) 27... Qa6 $11) 26... Qxf6 27. Bd4 Qc6 28. Bxg7 Bxe4 29. Qe3 ({Stronger than} 29. Qd4 Rfd8 $15) (29. Qc3 $1 $18 {is the precise move to win.} Qb7 30. Bxf8 Rxc3 31. bxc3) 29... Kxg7 $16 30. Ne5 $1 {[%cal Re5c6]} Qc2 {[#]} 31. Rd2 (31. Ng4 $1 $16 {[%mdl 512]} g5 32. Rd7) 31... Qb1 ({Black should try} 31... Qc1 $1 $11) 32. Ng4 $1 {[%mdl 1024] White has strong compensation.} g5 $2 (32... Rc6 $16 {was worth a try.}) 33. Qd4+ $18 f6 {[#]} 34. Qd7+ $2 ({White has to play} 34. Nxf6 $1 $18 {[%mdl 512]} Rxf6 35. Qd7+ Rf7 36. Qxc8) 34... Kg6 $2 {[%mdl 8192] [#]} (34... Kh8 $11) 35. Ne3 $4 {[%mdl 8192] [#]} (35. Ne5+ $1 $18 {[%mdl 512] was the only winning move.} fxe5 36. Qe6+ Rf6 37. Qxc8) 35... Bf5 $4 {[%mdl 8192]} (35... Rcd8 $1 $19 36. Qxd8 Rxd8 37. Rxd8 Qxb2 38. Rg8+ Kf7) 36. Qe7 $4 {[%mdl 8192]} (36. Nxf5 $18 {White wants to mate with Nh4+!} Qxf5 37. Bd3 Qxd3 38. Qxd3+ Kg7 39. Qxb5) 36... Rfe8 37. Qa7 $2 {[%mdl 8192] [#]} (37. Qb7 $17) 37... Rc1 $1 $19 38. Qxa5 (38. g4 $19 Bd3 39. Kh2 Rxf1 40. Nxf1 Bxf1 41. Rd7) 38... Rxe3 39. fxe3 Rxf1+ 40. Kh2 Qe4 41. Qxb5 Qe5+ 42. Qxe5 fxe5 {[%mdl 4096] Endgame KRB-KR} 43. Rd6+ Kg7 44. Rb6 Be4 45. Rb4 Bd3 46. Rb7+ Kf6 47. Rb6+ Kf5 48. Rxh6 Rf2 49. Kg3 $2 (49. Rh5 Be4 50. h4 Rxg2+ 51. Kh3) 49... Rxb2 50. Rh8 Bc4 51. Rf8+ Ke4 52. Rc8 (52. Rf3 $142) 52... Bf1 {[%csl Gf1][%cal Rb2g2]} 53. Kg4 Rxg2+ 54. Kh5 Kxe3 55. Rc1 Bd3 56. Re1+ Kd4 57. a4 e4 {Precision: White = 23%, Black = 46%.} 0-1

[Event "RUS-ch Blitz Women 2018"]
[Site "Sochi"]
[Date "2018.10.07"]
[Round "9"]
[White "Bivol, Alina"]
[Black "Kabanova, Ekaterina"]
[Result "1-0"]
[WhiteElo "2403"]
[BlackElo "2082"]
[Annotator "NA"]
[PlyCount "99"]
[EventDate "2018.10.07"]
[EventType "swiss"]
[EventCountry "RUS"]
[SourceTitle "playchess.com"]
[Source "ChessBase"]
[SourceQuality "1"]
[TimeControl "180+2"]

1. Nf3 {[%emt 0:00:00]} c5 {[%emt 0:00:00]} 2. g3 {[%emt 0:00:00]} e6 {[%emt 0:00:00]} 3. Bg2 {[%emt 0:00:02]} Nf6 {[%emt 0:00:01]} 4. c4 {[%emt 0:00:01]} a6 {[%emt 0:00:01]} 5. O-O {[%emt 0:00:05]} Qc7 {[%emt 0:00:00]} 6. Nc3 {[%emt 0:00:02]} Be7 {[%emt 0:00:01]} 7. b3 {[%emt 0:00:01]} O-O {[%emt 0:00:01]} 8. Bb2 {[%emt 0:00:01]} d6 {[%emt 0:00:01]} 9. d4 {[%emt 0:00:02]} cxd4 {[%emt 0:00:00]} 10. Nxd4 {[%emt 0:00:03]} Nbd7 {[%emt 0:00:01]} 11. Rc1 {[%emt 0:00:03]} Re8 {[%emt 0:00:00]} 12. e3 {[%emt 0:00:05]} h6 {[%emt 0:00:01]} 13. Qe2 {[%emt 0:00:02]} Rb8 {[%emt 0:00:01]} 14. b4 {[%emt 0:00:01]} Ne5 {[%emt 0:00:01]} 15. Nb1 {[%emt 0:00:17]} Ned7 {[%emt 0:00:27]} 16. Nd2 {[%emt 0:00:06]} Bf8 {[%emt 0:00:08]} 17. N2b3 {[%emt 0:00:03]} e5 {[%emt 0:00:18]} 18. Nc2 {[%emt 0:00:17]} b6 {[%emt 0:00:01]} 19. a4 {[%emt 0:00:14]} Bb7 {[%emt 0:00:01]} 20. e4 a5 21. Ba3 {[%emt 0:00:22]} Rbc8 {[%emt 0:00:01]} 22. Nd2 {[%emt 0:00:09]} axb4 {[%emt 0:00:12]} 23. Nxb4 {[%emt 0:00:04]} Nc5 {[%emt 0:00:01]} 24. Nd5 {[%emt 0:00:06]} Bxd5 {[%emt 0:00:02]} 25. cxd5 {[%emt 0:00:09]} Ra8 {[%emt 0:00:15]} 26. Bxc5 {[%emt 0:00:25]} bxc5 {[%emt 0:00:02]} 27. Rc4 {[%emt 0:00:00]} Reb8 {[%emt 0:00:03]} 28. Qd3 {[%emt 0:00:03]} Rb2 {[%emt 0:00:06]} 29. Qc3 {[%emt 0:00:14]} Qb8 {[%emt 0:00:14]} 30. f4 {[%emt 0:00:02]} Nd7 {[%emt 0:00:04]} 31. a5 {[%emt 0:00:09]} Ra2 {[%emt 0:00:15]} 32. Bh3 {[%emt 0:00:01]} Nf6 {[%emt 0:00:16]} 33. fxe5 {[%emt 0:00:08]} dxe5 {[%emt 0:00:01]} 34. Nf3 {[%emt 0:00:12]} R8xa5 {[%emt 0:00:28]} 35. Qxe5 {[%emt 0:00:03]} Bd6 {[%emt 0:00:01]} 36. Qf5 {[%emt 0:00:06]} Qb2 {[%emt 0:00:04]} 37. e5 {[%emt 0:00:09]} Qe2 {[%emt 0:00:34]} 38. Rf4 {[%emt 0:00:11]} Be7 {[%emt 0:00:13]} 39. exf6 {[%emt 0:00:02]} Bxf6 {[%emt 0:00:01]} 40. Qc8+ {[%emt 0:00:03]} Kh7 {[%emt 0:00:02]} 41. Bf5+ {[%emt 0:00:02]} g6 {[%emt 0:00:00]} 42. Bh3 {[%emt 0:00:02]} Bd4+ {[%emt 0:00:05]} 43. Kh1 {[%emt 0:00:06]} Ra7 {[%emt 0:00:10]} 44. Qf8 {[%emt 0:00:01]} Bg7 {[%emt 0:00:05]} 45. Rxf7 {[%emt 0:00:03]} Rxf7 {[%emt 0:00:05]} 46. Qxf7 {[%emt 0:00:01]} Qe3 {[%emt 0:00:03]} 47. d6 {[%emt 0:00:04]} Rf2 {[%emt 0:00:02]} 48. Rxf2 {[%emt 0:00:03]} Qxf2 {[%emt 0:00:01]} 49. d7 {[%emt 0:00:02]} Qd4 {[%emt 0:00:02]} 50. Nxd4 {[%emt 0:00:01]} 1-0

[Event "RUS-ch Blitz Women 2018"]
[Site "Sochi"]
[Date "2018.10.07"]
[Round "9"]
[White "Ambartsumova, Karina"]
[Black "Vinokur, Yuliya"]
[Result "1-0"]
[WhiteElo "2379"]
[BlackElo "2170"]
[Annotator "NA"]
[PlyCount "63"]
[EventDate "2018.10.07"]
[EventType "swiss"]
[EventCountry "RUS"]
[SourceTitle "playchess.com"]
[Source "ChessBase"]
[SourceQuality "1"]
[TimeControl "180+2"]

1. e4 {[%emt 0:00:00]} Nf6 {[%emt 0:00:00]} 2. e5 {[%emt 0:00:02]} Nd5 {[%emt 0:00:01]} 3. d4 {[%emt 0:00:00]} d6 {[%emt 0:00:01]} 4. Nf3 {[%emt 0:00:01]} Bg4 {[%emt 0:00:02]} 5. Be2 {[%emt 0:00:02]} e6 {[%emt 0:00:01]} 6. O-O {[%emt 0:00:03]} Be7 {[%emt 0:00:01]} 7. c4 {[%emt 0:00:12]} Nb6 {[%emt 0:00:01]} 8. h3 {[%emt 0:00:04]} Bh5 {[%emt 0:00:02]} 9. exd6 {[%emt 0:00:06]} cxd6 {[%emt 0:00:01]} 10. Nc3 {[%emt 0:00:02]} O-O {[%emt 0:00:02]} 11. b3 {[%emt 0:00:14]} Nc6 {[%emt 0:00:03]} 12. d5 {[%emt 0:00:36]} exd5 {[%emt 0:00:01]} 13. Nxd5 {[%emt 0:00:01]} Nxd5 {[%emt 0:00:18]} 14. Qxd5 {[%emt 0:00:01]} Bf6 {[%emt 0:00:01]} 15. Qxh5 {[%emt 0:00:45]} Bxa1 {[%emt 0:00:02]} 16. Bg5 {[%emt 0:00:42]} Bf6 {[%emt 0:00:10]} 17. Bd3 {[%emt 0:00:01]} g6 18. Qh4 Bxg5 {[%emt 0:00:51]} 19. Nxg5 {[%emt 0:00:02]} h5 {[%emt 0:00:01]} 20. Qg3 {[%emt 0:00:02]} Ne5 {[%emt 0:00:04]} 21. Bc2 {[%emt 0:00:02]} Qf6 {[%emt 0:00:07]} 22. Rd1 {[%emt 0:00:04]} Rad8 {[%emt 0:00:03]} 23. Ne4 {[%emt 0:00:03]} Qe7 {[%emt 0:00:14]} 24. Nc3 {[%emt 0:00:02]} h4 {[%emt 0:00:23]} 25. Qf4 {[%emt 0:00:06]} Kg7 {[%emt 0:00:12]} 26. Nd5 {[%emt 0:00:01]} Qe6 {[%emt 0:00:01]} 27. Qxh4 {[%emt 0:00:02]} Rh8 {[%emt 0:00:01]} 28. Qg3 {[%emt 0:00:02]} Rh5 {[%emt 0:00:04]} 29. Nf4 {[%emt 0:00:01]} Nf3+ {[%emt 0:00:20]} 30. Qxf3 {[%emt 0:00:05]} Qe5 {[%emt 0:00:03]} 31. Nxh5+ {[%emt 0:00:03]} Qxh5 {[%emt 0:00:02]} 32. Qxh5 {[%emt 0:00:04]} 1-0

[Event "RUS-ch Blitz Women 2018"]
[Site "Sochi"]
[Date "2018.10.07"]
[Round "9"]
[White "Kovanova, Baira"]
[Black "Bodnaruk, Anastasia"]
[Result "0-1"]
[WhiteElo "2350"]
[BlackElo "2423"]
[Annotator "TA"]
[PlyCount "86"]
[EventDate "2018.10.07"]
[EventType "swiss"]
[EventCountry "RUS"]
[SourceTitle "playchess.com"]
[Source "ChessBase"]
[SourceQuality "1"]

{[%evp 21,86,-60,20,7,38,26,37,-7,0,6,6,16,73,53,106,85,143,130,126,128,135,133,133,98,150,136,230,52,195,183,183,111,201,62,80,75,70,22,42,27,127,-153,0,-270,-233,-331,-318,-335,-335,-318,-27,-508,-471,-485,-354,-360,-344,-391,-48,-41,-41,-192,-187,-191,-187,-29975,-29974]} 1. c4 e5 2. Nc3 d6 3. g3 Nc6 4. Bg2 g6 5. e4 Bg7 6. d3 f5 7. Nge2 Nf6 8. O-O O-O 9. h3 Be6 10. Nd5 Qd7 {A26: Englische Eröffnung (Sizilianisch im Anzug)} 11. Kh2 Nd8 {LiveBook: 3 Partien} (11... f4 $1 $15) 12. Bg5 Ne8 $146 {Die Stellung ist ausgeglichen.} ({Vorgänger:} 12... fxe4 13. dxe4 c6 14. Nxf6+ Bxf6 15. Bh6 Bg7 16. Bxg7 Kxg7 17. Qd3 c5 18. b3 {0-1 (46) Moutousis,K (2425)-Ibragimov,I (2550) Heraklio 1993}) 13. exf5 gxf5 14. f4 c6 $1 {[%cal Rc6d5]} 15. Ne3 Nf7 16. Bh4 Nh6 (16... Nh8 $1 $11) 17. Qd2 Nc7 (17... Bf6 $14) 18. Rad1 Kh8 (18... Bf7 $142) 19. d4 $1 $36 {[%cal Rd4e5][%mdl 2048] Schwarz muss nun dxe5 beachten. Weiss bestimmt, wo es lang geht.} e4 20. d5 $1 {[%cal Rd5e6]} cxd5 21. cxd5 Bg8 22. b3 Rac8 (22... a5 $142) 23. Rc1 Na6 (23... Nb5 $16 {war nötig.}) 24. Nd4 $2 (24. Rxc8 $1 $18 Rxc8 25. Bg5) 24... Nc5 (24... Nc7 $14) 25. Bg5 $1 $18 Nd3 26. Rxc8 (26. Bxh6 $1 $18 Rxc1 27. Bxg7+ (27. Rxc1 Bxh6 28. Rc2 Nxf4 $16) 27... Qxg7 28. Rxc1 (28. Nexf5 Qc7 $16) 28... Qxd4 29. Rc7) 26... Qxc8 (26... Rxc8 $16 {kämpft weiter.} 27. Bxh6 Bxd4) 27. Nb5 (27. Bxh6 $1 $18 Bxh6 28. Qe2) 27... Qd7 $14 28. a4 a6 29. Nd4 Bxd4 30. Bxh6 Rc8 {[#]} (30... Rf6 $11 31. Nc2 Rxh6 32. Nxd4 Bxd5) 31. Nc2 $2 {[%mdl 8192]} (31. g4 $1 $16 {ist erzwungen, um die Oberhand zu behalten.}) 31... Bf6 $2 ({Lieber} 31... Bc3 $17 32. Qe3 Bxd5) 32. Ne1 $2 {[%mdl 8192]} (32. Ne3 $11) 32... Bc3 33. Qe2 (33. Qd1 {war einen Versuch wert.} Nb4 34. Nc2 Nxd5 35. g4) 33... Nxe1 $19 34. Rxe1 Bxe1 ({Weniger gut wäre} 34... Bxd5 35. Rc1 $19) 35. Qxe1 {Beabsichtigt Da1+ und Matt.} Qc7 $2 (35... Bxd5 $19 36. g4 Kg8) 36. Qd1 $2 {[%mdl 8192]} (36. Qb4 $11 Qc5 37. Qxb7) 36... Qc3 37. Qh5 Qf6 {Droht ...Tc2 und aus.} 38. Bg5 {[%cal Rg5f6]} Qg6 39. Qh4 {Droht stark Lf6+.} Rf8 $2 ({Besser ist} 39... Bxd5 $19 {Und weiter mit ...Tc2 wäre nett.} 40. Bd8 Kg8) 40. Be7 $1 $15 {[%cal Re7f8]} Rf7 {Und ...Kg7 würde nun gewinnen.} 41. g4 $2 ({Der einzige Zug:} 41. Bf1 $1 $15) 41... fxg4 $19 42. hxg4 Rxf4 43. g5 $2 (43. Bg5 $19 Rf8 {[#]} 44. Bxe4 $1 {[%mdl 512]}) 43... Rxh4+ {Precision: Weiß = 23%, Schwarz = 24%.} 0-1

[Event "RUS-ch Blitz Women 2018"]
[Site "Sochi"]
[Date "2018.10.07"]
[Round "9"]
[White "Charochkina, Daria"]
[Black "Sukhareva, Evgeniya"]
[Result "0-1"]
[WhiteElo "2344"]
[BlackElo "2125"]
[Annotator "NA"]
[PlyCount "88"]
[EventDate "2018.10.07"]
[EventType "swiss"]
[EventCountry "RUS"]
[SourceTitle "playchess.com"]
[Source "ChessBase"]
[SourceQuality "1"]
[TimeControl "180+2"]

1. d4 {[%emt 0:00:00]} Nf6 {[%emt 0:00:00]} 2. c4 {[%emt 0:00:00]} e6 {[%emt 0:00:00]} 3. Nc3 {[%emt 0:00:01]} c5 {[%emt 0:00:00]} 4. d5 {[%emt 0:00:02]} exd5 {[%emt 0:00:01]} 5. cxd5 {[%emt 0:00:01]} d6 {[%emt 0:00:00]} 6. e4 {[%emt 0:00:07]} a6 {[%emt 0:00:01]} 7. a4 {[%emt 0:00:00]} g6 {[%emt 0:00:01]} 8. f4 {[%emt 0:00:01]} Bg7 {[%emt 0:00:01]} 9. Nf3 {[%emt 0:00:01]} O-O {[%emt 0:00:01]} 10. Be2 {[%emt 0:00:10]} Re8 {[%emt 0:00:03]} 11. Nd2 {[%emt 0:00:03]} Qe7 {[%emt 0:00:13]} 12. O-O {[%emt 0:00:04]} h5 {[%emt 0:00:02]} 13. h3 {[%emt 0:00:03]} h4 {[%emt 0:00:13]} 14. Bf3 {[%emt 0:00:02]} Nh7 {[%emt 0:00:08]} 15. Nc4 {[%emt 0:00:10]} Nd7 {[%emt 0:00:02]} 16. e5 {[%emt 0:00:26]} dxe5 {[%emt 0:00:05]} 17. d6 {[%emt 0:00:01]} Qd8 {[%emt 0:00:53]} 18. Bd5 {[%emt 0:00:18]} e4 {[%emt 0:00:16]} 19. Nxe4 {[%emt 0:00:13]} Nhf6 {[%emt 0:00:07]} 20. Nxf6+ {[%emt 0:00:10]} Nxf6 {[%emt 0:00:03]} 21. Bf3 {[%emt 0:00:09]} Be6 {[%emt 0:00:03]} 22. Ne5 {[%emt 0:00:06]} Rb8 {[%emt 0:00:07]} 23. Be3 {[%emt 0:00:02]} Nd7 {[%emt 0:00:03]} 24. Nxd7 {[%emt 0:00:14]} Qxd7 {[%emt 0:00:11]} 25. Bxc5 {[%emt 0:00:04]} Bxb2 {[%emt 0:00:01]} 26. Rb1 {[%emt 0:00:03]} Bg7 {[%emt 0:00:03]} 27. Bb6 {[%emt 0:00:09]} Rec8 {[%emt 0:00:05]} 28. Bc7 {[%emt 0:00:02]} Rxc7 {[%emt 0:00:01]} 29. dxc7 {[%emt 0:00:01]} Qxc7 {[%emt 0:00:01]} 30. Qc1 {[%emt 0:00:13]} Qe7 {[%emt 0:00:08]} 31. Kh1 {[%emt 0:00:06]} b5 {[%emt 0:00:02]} 32. Qc6 {[%emt 0:00:11]} b4 {[%emt 0:00:02]} 33. Qxa6 {[%emt 0:00:03]} b3 {[%emt 0:00:02]} 34. Rfd1 {[%emt 0:00:08]} b2 {[%emt 0:00:07]} 35. Re1 {[%emt 0:00:13]} Qf6 {[%emt 0:00:13]} 36. Bg4 {[%emt 0:00:13]} Ba2 {[%emt 0:00:24]} 37. Qa7 {[%emt 0:00:01]} Rd8 {[%emt 0:00:09]} 38. a5 {[%emt 0:00:11]} Bxb1 {[%emt 0:00:02]} 39. Rxb1 {[%emt 0:00:01]} Qxf4 {[%emt 0:00:03]} 40. Qg1 {[%emt 0:00:04]} Qa4 {[%emt 0:00:07]} 41. Qe1 {[%emt 0:00:01]} Re8 {[%emt 0:00:01]} 42. Qd2 {[%emt 0:00:07]} Qa2 {[%emt 0:00:03]} 43. Qc2 {[%emt 0:00:02]} Qxa5 {[%emt 0:00:02]} 44. Bf3 {[%emt 0:00:04]} Re1+ {[%emt 0:00:02]} 0-1

[Event "RUS-ch Blitz Women 2018"]
[Site "Sochi"]
[Date "2018.10.07"]
[Round "9"]
[White "Dordzhieva, Dinara"]
[Black "Lysenko, Margarita"]
[Result "1-0"]
[WhiteElo "2340"]
[BlackElo "2210"]
[Annotator "NA"]
[PlyCount "67"]
[EventDate "2018.10.07"]
[EventType "swiss"]
[EventCountry "RUS"]
[SourceTitle "playchess.com"]
[Source "ChessBase"]
[SourceQuality "1"]
[TimeControl "180+2"]

1. Nf3 {[%emt 0:00:00]} Nf6 {[%emt 0:00:01]} 2. c4 {[%emt 0:00:00]} g6 {[%emt 0:00:04]} 3. g3 {[%emt 0:00:01]} Bg7 {[%emt 0:00:00]} 4. Bg2 {[%emt 0:00:01]} O-O {[%emt 0:00:02]} 5. d4 {[%emt 0:00:01]} c6 {[%emt 0:00:00]} 6. Nc3 {[%emt 0:00:02]} d5 {[%emt 0:00:01]} 7. cxd5 {[%emt 0:00:02]} cxd5 {[%emt 0:00:01]} 8. Ne5 {[%emt 0:00:01]} Nc6 {[%emt 0:01:10]} 9. Nxc6 {[%emt 0:00:02]} bxc6 {[%emt 0:00:00]} 10. O-O {[%emt 0:00:01]} Rb8 {[%emt 0:00:23]} 11. b3 {[%emt 0:00:01]} Nd7 {[%emt 0:00:10]} 12. Ba3 {[%emt 0:00:11]} Re8 {[%emt 0:00:03]} 13. Rc1 {[%emt 0:00:03]} e5 {[%emt 0:00:19]} 14. dxe5 {[%emt 0:00:08]} Nxe5 {[%emt 0:00:03]} 15. Na4 {[%emt 0:00:01]} Qa5 {[%emt 0:00:30]} 16. Bd6 {[%emt 0:00:02]} Rb5 {[%emt 0:00:14]} 17. h3 {[%emt 0:00:57]} Qd8 {[%emt 0:00:20]} 18. Bxe5 {[%emt 0:00:13]} Bxe5 {[%emt 0:00:03]} 19. Rxc6 {[%emt 0:00:01]} Bb7 {[%emt 0:00:02]} 20. Rc5 {[%emt 0:00:08]} Rxc5 {[%emt 0:00:01]} 21. Nxc5 {[%emt 0:00:01]} Ba8 {[%emt 0:00:01]} 22. Nd3 {[%emt 0:00:03]} Bc7 {[%emt 0:00:06]} 23. Qc2 {[%emt 0:00:11]} Bb6 {[%emt 0:00:04]} 24. Bf3 {[%emt 0:00:10]} Qd7 {[%emt 0:00:04]} 25. Bg4 {[%emt 0:00:08]} f5 26. Bf3 Bc6 {[%emt 0:00:05]} 27. Rc1 {[%emt 0:00:03]} Bb5 {[%emt 0:00:01]} 28. Qd2 {[%emt 0:00:02]} Kg7 {[%emt 0:00:03]} 29. Nf4 {[%emt 0:00:02]} d4 {[%emt 0:00:02]} 30. Nd5 {[%emt 0:00:05]} Bd8 {[%emt 0:00:03]} 31. Qxd4+ {[%emt 0:00:02]} Kg8 {[%emt 0:00:01]} 32. a4 {[%emt 0:00:05]} Ba6 {[%emt 0:00:03]} 33. Nf6+ {[%emt 0:00:01]} Bxf6 {[%emt 0:00:02]} 34. Qxd7 {[%emt 0:00:01]} 1-0

[Event "RUS-ch Blitz Women 2018"]
[Site "Sochi"]
[Date "2018.10.07"]
[Round "9"]
[White "Maletina, Tatiana"]
[Black "Sirotkina, Nina"]
[Result "1-0"]
[WhiteElo "2270"]
[BlackElo "2188"]
[Annotator "NA"]
[PlyCount "69"]
[EventDate "2018.10.07"]
[EventType "swiss"]
[EventCountry "RUS"]
[SourceTitle "playchess.com"]
[Source "ChessBase"]
[SourceQuality "1"]
[TimeControl "180+2"]

1. d4 {[%emt 0:00:00]} Nf6 {[%emt 0:00:00]} 2. c4 {[%emt 0:00:00]} e6 {[%emt 0:00:00]} 3. g3 {[%emt 0:00:01]} Bb4+ {[%emt 0:00:06]} 4. Bd2 {[%emt 0:00:02]} Qe7 {[%emt 0:00:01]} 5. Bg2 {[%emt 0:00:01]} Nc6 {[%emt 0:00:07]} 6. Nf3 {[%emt 0:00:02]} O-O {[%emt 0:00:07]} 7. O-O {[%emt 0:00:02]} Bxd2 {[%emt 0:00:05]} 8. Nbxd2 {[%emt 0:00:04]} d6 {[%emt 0:00:01]} 9. e4 {[%emt 0:00:02]} e5 {[%emt 0:00:01]} 10. d5 {[%emt 0:00:06]} Nd8 {[%emt 0:00:03]} 11. b4 {[%emt 0:00:07]} b6 {[%emt 0:00:02]} 12. Ne1 {[%emt 0:00:12]} a5 {[%emt 0:00:10]} 13. a3 {[%emt 0:00:01]} Ne8 {[%emt 0:00:05]} 14. Nd3 {[%emt 0:00:02]} f5 {[%emt 0:00:13]} 15. Qe2 {[%emt 0:00:30]} Nf6 {[%emt 0:00:04]} 16. f3 {[%emt 0:00:06]} fxe4 {[%emt 0:00:17]} 17. Nxe4 {[%emt 0:00:02]} Ba6 {[%emt 0:00:07]} 18. Rac1 {[%emt 0:00:04]} Nf7 {[%emt 0:00:09]} 19. Kh1 {[%emt 0:00:02]} axb4 {[%emt 0:00:13]} 20. axb4 {[%emt 0:00:05]} Bb7 {[%emt 0:00:00]} 21. Ndf2 {[%emt 0:00:18]} Nh6 {[%emt 0:00:12]} 22. Nxf6+ {[%emt 0:00:05]} Qxf6 {[%emt 0:00:01]} 23. Ne4 {[%emt 0:00:02]} Qe7 {[%emt 0:00:01]} 24. Bh3 {[%emt 0:00:03]} Bc8 {[%emt 0:00:11]} 25. Qg2 {[%emt 0:00:02]} Nf5 {[%emt 0:00:09]} 26. Bxf5 {[%emt 0:00:01]} Bxf5 {[%emt 0:00:01]} 27. Ra1 {[%emt 0:00:06]} Bxe4 {[%emt 0:00:07]} 28. Rxa8 {[%emt 0:00:09]} Rxa8 {[%emt 0:00:02]} 29. fxe4 {[%emt 0:00:01]} h6 {[%emt 0:00:09]} 30. Qh3 {[%emt 0:00:10]} Rf8 {[%emt 0:00:10]} 31. Rxf8+ {[%emt 0:00:04]} Qxf8 {[%emt 0:00:04]} 32. Kg2 {[%emt 0:00:05]} Qe7 {[%emt 0:00:08]} 33. Qc8+ {[%emt 0:00:05]} Kh7 {[%emt 0:00:03]} 34. h4 {[%emt 0:00:01]} Kg6 {[%emt 0:00:11]} 35. Qf5# {[%emt 0:00:02]} 1-0

[Event "RUS-ch Blitz Women 2018"]
[Site "Sochi"]
[Date "2018.10.07"]
[Round "9"]
[White "Borisova, Ekaterina"]
[Black "Vasilevich, Irina"]
[Result "1-0"]
[WhiteElo "2256"]
[BlackElo "2160"]
[Annotator "NA"]
[PlyCount "67"]
[EventDate "2018.10.07"]
[EventType "swiss"]
[EventCountry "RUS"]
[SourceTitle "playchess.com"]
[Source "ChessBase"]
[SourceQuality "1"]
[TimeControl "180+2"]

1. d4 {[%emt 0:00:00]} e6 {[%emt 0:00:00]} 2. g3 {[%emt 0:00:01]} c5 {[%emt 0:00:04]} 3. c4 {[%emt 0:00:08]} cxd4 {[%emt 0:00:02]} 4. Qxd4 {[%emt 0:00:01]} Nc6 {[%emt 0:00:03]} 5. Qf4 {[%emt 0:00:03]} b6 {[%emt 0:00:11]} 6. Bg2 {[%emt 0:00:01]} Bb7 {[%emt 0:00:00]} 7. Nf3 {[%emt 0:00:29]} Nf6 {[%emt 0:00:04]} 8. Nc3 {[%emt 0:00:05]} Bb4 {[%emt 0:00:33]} 9. O-O {[%emt 0:00:04]} O-O {[%emt 0:00:18]} 10. a3 {[%emt 0:00:01]} Bxc3 {[%emt 0:00:03]} 11. bxc3 {[%emt 0:00:01]} Qb8 {[%emt 0:00:10]} 12. Qg5 {[%emt 0:00:03]} Ne4 {[%emt 0:00:15]} 13. Qh4 {[%emt 0:00:29]} Na5 {[%emt 0:00:12]} 14. Bf4 {[%emt 0:00:08]} Qd8 {[%emt 0:00:03]} 15. Ng5 {[%emt 0:00:16]} Nxg5 {[%emt 0:00:06]} 16. Bxb7 {[%emt 0:00:12]} Nxb7 {[%emt 0:00:02]} 17. Bxg5 {[%emt 0:00:10]} f6 {[%emt 0:00:06]} 18. Be3 {[%emt 0:00:02]} Qc7 {[%emt 0:00:06]} 19. Rfd1 {[%emt 0:00:04]} Rac8 {[%emt 0:00:03]} 20. Rd4 {[%emt 0:00:04]} Nc5 {[%emt 0:00:25]} 21. Rad1 {[%emt 0:00:06]} Rf7 {[%emt 0:00:05]} 22. R4d2 {[%emt 0:00:12]} Nb3 {[%emt 0:00:04]} 23. Rb2 {[%emt 0:00:08]} Na5 {[%emt 0:00:02]} 24. c5 {[%emt 0:00:03]} bxc5 {[%emt 0:00:02]} 25. Rb5 {[%emt 0:00:02]} d6 {[%emt 0:00:07]} 26. Qe4 {[%emt 0:00:09]} Re7 {[%emt 0:00:06]} 27. Rdb1 {[%emt 0:00:05]} f5 {[%emt 0:00:15]} 28. Qa4 {[%emt 0:00:01]} Nc6 {[%emt 0:00:09]} 29. Qa6 {[%emt 0:00:04]} Qd8 {[%emt 0:00:04]} 30. Bg5 {[%emt 0:00:06]} h6 {[%emt 0:00:12]} 31. Bxe7 {[%emt 0:00:02]} Nxe7 {[%emt 0:00:00]} 32. Qxa7 {[%emt 0:00:06]} f4 {[%emt 0:00:02]} 33. Rb7 {[%emt 0:00:02]} Nc6 {[%emt 0:00:02]} 34. Rxg7+ {[%emt 0:00:02]} 1-0